000 01420nam a2200289 a 4500
999 _c488577
_d488577
003 BLK
005 20250614103908.0
008 230202b bu |||||r|||| 00| | bu d
020 _a9786197386868
040 _aBLK
041 _aBUL
_cBUL
080 _aИздания за деца и юноши. Книжки-картинки. Читанки. Вж и 372.4
_b087.5
_x:636.8
_z087.5:636.8
080 _aЗоология. Вж и 636
_b59
_z59:087.5
100 _9486195
_aПортър, Хана
_eпърви автор
139 _aПортър, Хана
_bП 79
245 _aОбичам животните!
_bНад 60 капачета
_cХана Портър ; ил. Марина Солодкая; прев. от англ. Виктория Илиева.
260 _9216689
_aСофия
_bКлевър Бук
_c2022
_f(Пловдив : Жанет)
_n978-954-9749-
300 _a17 с.
_bс цв. ил.
_c29 см
380 _aDN
500 _aКор. опис. - Ориг. загл.: Wild about animals / text by Hannah Porter. - Кн. отпеч. на ламиниран картон.
650 0 _9259259
_aЖивотни - детска и юношеска литература
700 _9392138
_aИлиева, Виктория
_eпрев.
700 _9486196
_aСолодкая, Марина
_eил.
856 _i0.00
_ldisable
942 _cKNG
_n0
_s1
_067
944 _k30543
_lИва Цветкова